Derechos feministas y humanos en el Perú : (Record no. 22412)

000 -CABECERA
campo de control de longitud fija 01458nam a22003257a 4500
003 - IDENTIFICADOR DEL NÚMERO DE CONTROL
campo de control OSt
005 - FECHA Y HORA DE LA ÚLTIMA TRANSACCIÓN
campo de control 20220608101425.0
008 - DATOS DE LONGITUD FIJA--INFORMACIÓN GENERAL
campo de control de longitud fija 220602b ||||| |||| 00| 0 spa d
020 ## - NÚMERO INTERNACIONAL ESTÁNDAR DEL LIBRO
Número Internacional Estándar del Libro 9786123260125
040 ## - FUENTE DE LA CATALOGACIÓN
Centro/agencia transcriptor Biblioteca Municipal de Cusco
082 ## - NÚMERO DE LA CLASIFICACIÓN DECIMAL DEWEY
Número de clasificación 323.340985/B88
Notación interna B88
100 ## - ENTRADA PRINCIPAL--NOMBRE DE PERSONA
Nombre de persona Bueno-Hansen, Pascha
Término indicativo de función/relación autor
9 (RLIN) 48074
240 ## - TÍTULO UNIFORME
Título uniforme Feminist and human rights struggles in Peru: decolonizing transitional justice
Lenguaje de la obra Español
245 ## - MENCIÓN DE TÍTULO
Título Derechos feministas y humanos en el Perú :
Resto del título decolonizando la justicia transicional /
Mención de responsabilidad, etc. Pascha Bueno-Hansen ; traducción, Eloy Neira y Aroma de la Cadena
250 ## - MENCIÓN DE EDICIÓN
Mención de edición Primera edición en español
260 ## - PUBLICACIÓN, DISTRIBUCIÓN, ETC.
Lugar de publicación, distribución, etc. Lima :
Nombre del editor, distribuidor, etc. Instituto de Estudios Peruanos,
Fecha de publicación, distribución, etc. 2020.
300 ## - DESCRIPCIÓN FÍSICA
Extensión 318 páginas. :
Otras características físicas ilustraciones, mapas ;
Dimensiones 23 cm.
490 ## - MENCIÓN DE SERIE
Mención de serie Estudios sobre memoria y violencia ;
Designación de volumen o secuencia 11
500 ## - NOTA GENERAL
Nota general Traducción de: Feminist and human rights struggles in Peru: decolonizing transitional justice.
504 ## - NOTA DE BIBLIOGRAFÍA, ETC.
Nota de bibliografía, etc. Bibliografía: páginas [281]-318.
650 ## - PUNTO DE ACCESO ADICIONAL DE MATERIA--TÉRMINO DE MATERIA
Término de materia o nombre geográfico como elemento de entrada Derechos de la mujer
Subdivisión geográfica Perú
9 (RLIN) 48075
650 ## - PUNTO DE ACCESO ADICIONAL DE MATERIA--TÉRMINO DE MATERIA
Término de materia o nombre geográfico como elemento de entrada Derechos humanos
Subdivisión geográfica Perú
9 (RLIN) 48076
650 ## - PUNTO DE ACCESO ADICIONAL DE MATERIA--TÉRMINO DE MATERIA
Término de materia o nombre geográfico como elemento de entrada Defensa de los derechos humanos
Subdivisión geográfica Perú
9 (RLIN) 48077
650 ## - PUNTO DE ACCESO ADICIONAL DE MATERIA--TÉRMINO DE MATERIA
Término de materia o nombre geográfico como elemento de entrada Feminismo
Subdivisión geográfica Perú
9 (RLIN) 48078
650 ## - PUNTO DE ACCESO ADICIONAL DE MATERIA--TÉRMINO DE MATERIA
Término de materia o nombre geográfico como elemento de entrada Comisiones de la verdad
9 (RLIN) 48079
700 ## - PUNTO DE ACCESO ADICIONAL--NOMBRE DE PERSONA
Nombre de persona Neira Riquelme, Eloy
Fechas asociadas al nombre 1956-
Término indicativo de función/relación traductor
9 (RLIN) 48080
700 ## - PUNTO DE ACCESO ADICIONAL--NOMBRE DE PERSONA
Nombre de persona Cadena, Aroma de la
Fechas asociadas al nombre 1956-
Término indicativo de función/relación traductor
9 (RLIN) 48081
710 ## - PUNTO DE ACCESO ADICIONAL--NOMBRE DE ENTIDAD CORPORATIVA
Nombre de entidad corporativa o nombre de jurisdicción como elemento de entrada Instituto de Estudios Peruanos (Lima)
Término indicativo de función/relación entidad editora
9 (RLIN) 9759
942 ## - ELEMENTOS DE PUNTO DE ACCESO ADICIONAL (KOHA)
Fuente del sistema de clasificación o colocación
Tipo de ítem Koha Libros-BMC
Holdings
Estado de retiro Estado de pérdida Fuente del sistema de clasificación o colocación Estado dañado No para préstamo Localización permanente Ubicación/localización actual Ubicación en estantería Fecha de adquisición Fuente de adquisición Coste, precio normal de compra Signatura topográfica completa Código de barras Fecha visto por última vez Precio válido a partir de Tipo de ítem Koha
          Sala Humanidades Sala Humanidades Book Cart 2022-06-08 Donación 70.00 323.340985/B88 SH0000016271 2022-06-08 2022-06-08 Libros-BMC
          Sala Humanidades Sala Humanidades Book Cart 2022-06-08 Donación 70.00 323.340985/B88/e.2 SH0000016272 2022-06-08 2022-06-08 Libros-BMC

Powered by Koha